• 首页
  • 本馆介绍
  • 公告通知
  • 最新文献
  • 馆藏检索
  • 电子资源
  • 读者导购
  • 参考咨询
  • 我的图书馆
  • 登录
  • 详细信息显示
  • 放入我的书架
  • 预约/预借图书
  • 作者相关作品
  • 分类相关作品
  • 丛书相关作品
  • 出版社相关作品

书目信息

  • 表格格式
  • 工作单格式
  • 卡片格式
题名:
电子管直流放大器
    
 
作者: 勃列依多 著 ;钟佐华 译
分册:  
出版信息: 北京   人民邮电出版社  1964
页数: 83页
开本: 20cm
丛书名: 无线电技术知识翻译丛书
单 册:
中图分类: TN722.7
科图分类:
主题词: 放大技术 , 放大器
电子资源:
ISBN:
000 00751nam0 2200253 450
001 0630481703
005 20060512083756.29
010    @dCNY0.32
100    @a20060512d1964 km y0chiy0120 ea
101 0  @achi@crus
102    @aCN@b110000
102    @aCN@b110000
200 1  @a电子管直流放大器@Adian zi guan zhi liu fang da qi@f(苏)И·Я·勃列依多著@F(su)И·Я·bo lie yi duo zhu@g钟佐华译
210    @a北京@c人民邮电出版社@d1964
215    @a83页@d20cm
225    @a无线电技术知识翻译丛书
410  0 @12001 @a无线电技术知识翻译丛书
606 0  @a放大技术
606 0  @a放大器
690    @aTN722.7@v3
701  0 @a勃列依多@Abo lie yi duo@4著
702  0 @a钟佐华@Azhong zuo hua@4译
801  0 @aCN@bPFT@c20060512
905    @a10447@dTN722.7@e21
    
    电子管直流放大器/(苏)И·Я·勃列依多著/钟佐华译.-北京:人民邮电出版社,1964
    83页;20cm.-(无线电技术知识翻译丛书)
    
    
    ISBN :CNY0.32
    
●
相关链接 在E读中查询图书 在五车中查询图书 在当当中查询图书 在豆瓣中查询图书


正题名:电子管直流放大器     索取号:TN722.7/21         预约/预借

序号 登录号 条形码 馆藏地/架位号 状态 备注
1 0018065   202346700   密集书库/ [索取号:TN722.7/21] 在馆    
唐山师范学院图书馆 欢迎您!
大连网信软件有限公司© 版权所有